| 000 | 00443pab a2200157 454500 | ||
|---|---|---|---|
| 008 | 180718b2001 xxu||||| |||| 00| 0 eng d | ||
| 100 | _aNagesh Kumar | ||
| 245 | _aWTO's emerging investment regime and developing countries: way forward for Doha ministerial meeting | ||
| 260 | _c2001 | ||
| 300 | _ap.28-49 | ||
| 362 | _aSep | ||
| 650 | _aInternational trade | ||
| 650 | _aWorld Trade Organization | ||
| 773 | _aRIS Digest | ||
| 909 | _a51712 | ||
| 999 |
_c51712 _d51712 |
||